000 00286nam a22001217a 4500
008 180424b xxu||||| |||| 00| 0 eng d
041 _aeng
080 _a043.3
100 _a0
101 _aMBE-BTH
245 _aAnalizë e investimeve të huaja në Kosovë
_cJolla,R
942 _2udc
_cBK
999 _c45453
_d45453